L'univers Honkai: Star Rail - Statistiques

Statistiques générales
  • Ce quiz a été pris 320 fois
    248 depuis la dernière actualisation
  • Le résultat moyen est 37 sur 53
Statistiques - réponses
Hint Réponse % Correct
Elément Feu
90%
Elément Glace
89%
Voie Destruction
87%
Zone Station spatiale Herta
87%
Elément Foudre
86%
Elément Vent
85%
Elément Imaginaire
84%
Zone Luofu de Xianzhou
84%
Elément Quantum
84%
Voie Chasse
83%
Elément Physique
82%
Personnage Dan Heng
81%
Personnage Himeko
81%
Voie Nihilité
81%
Personnage Kafka
80%
Voie Préservation
80%
Voie Harmonie
79%
Personnage Herta
79%
Zone Jarilo VI
79%
Personnage Welt
78%
Personnage Bronya
77%
Personnage Silver Wolf
76%
Voie Abondance
75%
Personnage Blade
75%
Personnage Gepard
73%
Personnage Serval
73%
Personnage Seele
72%
Voie Erudition
71%
Personnage March 7th
71%
Personnage Jing Yuan
70%
Personnage Asta
68%
Personnage Arlan
66%
Personnage Bailu
64%
Personnage Clara
64%
Personnage Hook
64%
Personnage Pionnier
64%
Personnage Luka
62%
Personnage Sampo
61%
Personnage Yanqing
59%
Personnage Jing Liu
58%
Personnage Natasha
58%
Personnage Pela
58%
Personnage Yukong
57%
Personnage Fu Xuan
56%
Personnage Luocha
55%
Personnage Lynx
55%
Personnage Tingyun
49%
Personnage Qingque
46%
Personnage Imbibitor Lunae
45%
Personnage Sushang
45%
Personnage Guinaifen
38%
Personnage Topaz
36%
Zone Astral Express
33%
Aucun quiz correspondant
Distribution des résultats
% des personnes avec chaque résultat
Percentile par nombre de réponses
Votre historique - résultats
Vous n’avez pas pris ce quiz depuis la dernière actualisation